00705nam a22001937a 4500003000500000005001700005008004100022010001000063011001000073035001000083040000900093100003500102245015800137260004100295300001900336502009700355650003300452650002600485CHAP20220329135627.0971013s1979 r 00010 d a39571 a40543 a44669 cCHAP00aMontfort Alonso, Jorge Carlos. aExtracción y evaluación de semen en toros sementales en distintos ranchos del estado de Nuevo León, en dos épocas diferentes (invierno-primavera) a(Monterrey, N.L.) :bEl autor,c1979 a108 h.b: ilus aTesis (Ing. Agrónomo Zootecnista) -- Univ. Autónoma de Nuevo León. Fac. de Agronomía14aGanado vacunoxNuevo León.14aSemenxGanado vacuno.